Statistics for Countries Closest to Ethiopia

Click here to take the quiz!

General Stats

  • This quiz has been taken 13,378 times
  • The average score is 19 of 20

Answer Stats

km country miles % Correct
897Egypt558
99%
0Somalia0
98%
0Sudan0
98%
268Saudi Arabia167
98%
0Kenya0
97%
0South Sudan0
97%
109Yemen68
97%
1385Libya861
97%
526D.R. Congo327
97%
1111Oman690
97%
1160Chad721
95%
0Eritrea0
94%
674Tanzania419
93%
0Djibouti0
92%
193Uganda120
92%
872Rwanda542
91%
688Central African Republic427
91%
1526Zambia948
89%
1539Seychelles957
88%
977Burundi607
83%

Score Distribution

Percentile by Number Answered

Percent of People with Each Score

Your Score History

You have not taken this quiz